[Event "Szekszard op"]
[Site "Szekszard"]
[Date "1993.??.??"]
[Round "9"]
[White "Tolnai, Tibor"]
[Black "Nemeth, Antal"]
[Result "1-0"]
[WhiteElo "2500"]
[BlackElo "2315"]

1.e4 c5 2.Nf3 Nc6 3.Nc3 d6 4.d4 cxd4 5.Nxd4 e5 6.Nf3 Nf6 7.Be2 Be7 8.O-O O-O
9.Bg5 Be6 10.Qd2 Kh8 11.Rfd1 a6 12.Bxf6 gxf6 13.Nd5 Bxd5 14.Qxd5 Rc8 15.c3 Qb6
16.Qd2 f5 17.exf5 Rg8 18.Bc4 e4 19.Nd4 Ne5 20.Bd5 Rg4 21.Qe2 e3 22.fxe3 Rcg8
23.Kh1 Bg5 24.Bxf7  1-0

[Event "Szekszard op"]
[Site "Szekszard"]
[Date "1993.??.??"]
[Round "9"]
[White "Dobos, Jozsef"]
[Black "Taskovits, Istvan"]
[Result "1-0"]
[WhiteElo "2340"]
[BlackElo "2230"]

1.e4 c5 2.Nf3 Nc6 3.Nc3 Nf6 4.Bb5 d6 5.e5 dxe5 6.Nxe5 Qc7 7.Nxc6 bxc6 8.Qf3 Bb7
9.Bc4 e6 10.d3 Bd6 11.Bg5 Nd7 12.Qh3 Ne5 13.Bb3 Ba6 14.O-O c4 15.dxc4 Bxc4
16.Bxc4 Nxc4 17.b3 Na3 18.Ne4 Be5 19.Rac1 Nb5 20.c4 Nd4 21.Rfe1 O-O 22.Bh4 Qa5
23.Be7 Rfb8 24.Bc5 Qxa2 25.Ng5 h6 26.Rxe5 Nxb3 27.Nxf7 Nxc5 28.Nxh6+ gxh6
29.Qxh6 Kf7 30.Rxc5 Rb6 31.Qh7+ Kf6 32.Re1 Re8 33.Rh5  1-0

[Event "Tel Aviv"]
[Site "Tel Aviv"]
[Date "1993.??.??"]
[Round "?"]
[White "Krays, Alexander"]
[Black "Sutovskij, Emil"]
[Result "1/2-1/2"]
[WhiteElo "2290"]
[BlackElo "2340"]

1.Nc3 c5 2.Nf3 Nc6 3.e4 d6 4.g3 g6 5.Bg2 Bg7 6.O-O e6 7.d3 Nge7 8.Be3 Nd4
9.h4 O-O 10.h5 gxh5 11.Bg5 h6 12.Bh4 Qe8 13.Nxd4 cxd4 14.Nb5 Qxb5 15.Bxe7 Re8
16.Bxd6 e5 17.Qxh5 Qc6 18.Ba3 Qxc2 19.Rac1 Qxd3 20.Rc7 Be6 21.b3 Qa6 22.Bh3 Rac8
23.Rxc8 Rxc8 24.Bxe6 Qxe6 25.Qe2 f5 26.Qf3 fxe4 27.Qxe4 Qc6 28.Qf5 Rd8 29.Rc1 Qd7
30.Qe4 d3 31.Rd1 Qd5 32.Qxd5+ Rxd5 33.f3 h5 34.Bc1 Kf7 35.Be3 b6 36.Kf2 Bf8
37.Rc1 Bb4 38.Rd1 Ke6 39.Bd2 Bc5+ 40.Be3 Be7 41.Rh1 Ra5 42.a4 b5 43.Bd2 Ra6
44.Rxh5 bxa4 45.Rh6+ Bf6 46.bxa4 Ke7 47.a5 Rc6 48.Rh7+ Ke6 49.Rxa7 e4 50.Ke3 exf3
51.Kxf3 Bd4 52.Rh7 Rc2 53.Rh2 Kd5 54.g4 Bc3 55.Ke3 Ra2 56.Kxd3 Bxd2 57.Rxd2 Rxa5
58.Ke3+ Ke5 59.Rd3  1/2-1/2

[Event "Tel Aviv ASA"]
[Site "Tel Aviv"]
[Date "1993.??.??"]
[Round "7"]
[White "Mashian, Yaacov"]
[Black "Temanlis, Yoel"]
[Result "1-0"]
[WhiteElo "2230"]
[BlackElo "2285"]

1.e4 c5 2.Nf3 Nc6 3.Nc3 Nf6 4.d4 cxd4 5.Nxd4 Qb6 6.Nb3 e6 7.Be3 Qc7 8.f4 d6
9.Qf3 a6 10.O-O-O Rb8 11.g4 b5 12.g5 Nd7 13.Kb1 Be7 14.h4 Na5 15.h5 Nc4 16.Bc1 b4
17.Na4 e5 18.g6 fxg6 19.hxg6 h6 20.f5 Nf6 21.Bd3 Bb7 22.Qe2 Rc8 23.Bg5 Rf8
24.Bxf6 Rxf6 25.Bxc4 Qxc4 26.Qxc4 Rxc4 27.Na5 Rc7 28.Nxb7 Rxb7 29.c4 Bd8
30.Kc2 Bc7 31.Kb3 Ke7 32.Rd5 Rf8 33.Rhd1 Rd8 34.c5 Rb5 35.Kc4 Bb8 36.Rxe5+ dxe5
37.f6+ gxf6 38.Rxd8  1-0

[Event "Ticino op"]
[Site "Ticino"]
[Date "1993.??.??"]
[Round "3"]
[White "Kamber, Bruno"]
[Black "Rausis, Igors"]
[Result "1-0"]
[WhiteElo "2325"]
[BlackElo "2575"]

1.e4 c5 2.Nc3 Nc6 3.Bb5 Nd4 4.Bc4 e6 5.Nce2 Nf6 6.Nxd4 cxd4 7.Qe2 d5 8.Bb5+ Bd7
9.Bxd7+ Qxd7 10.e5 Ng8 11.Nf3 Bc5 12.Qd3 Qc7 13.O-O Ne7 14.Nxd4 Bxd4 15.Qxd4 Qxc2
16.Qb4 Nc6 17.Qxb7 O-O 18.b3 Nxe5 19.d4 Nd3 20.Be3 a5 21.Rfd1 Rfb8 22.Qe7 h6
23.h4 a4 24.bxa4 Rxa4 25.Qd6 Rba8 26.Qg3 Rxa2 27.Rab1 Rb2 28.Ra1 Rba2 29.Rab1 Rc8
30.Kh2 Kh7 31.Qf3 Nxf2 32.Rdc1 Qg6 33.Bxf2 Rc4 34.Rxc4 dxc4 35.Rc1 Qd3 36.Qxd3+ cxd3
37.Kg3 Ra5 38.Rd1 e5 39.Rxd3 exd4 40.Bxd4 Rd5 41.Kf4 f6 42.Ke4 Ra5 43.Rc3 Kg6
44.Rc5 Ra2 45.h5+ Kh7 46.g3 Rh2 47.Rc7 Kg8 48.g4 Re2+ 49.Kf5 Kh7 50.Rf7  1-0

[Event "Timisoara zt-B (Women)"]
[Site "Timisoara"]
[Date "1993.??.??"]
[Round "4"]
[White "Baciu Ionescu, Otilia"]
[Black "Velcheva, Maria"]
[Result "1-0"]
[WhiteElo "2160"]
[BlackElo "2150"]

1.e4 c5 2.Nf3 Nc6 3.Nc3 e5 4.Bc4 h6 5.d3 d6 6.h3 g5 7.Nh2 Nge7 8.Qf3 Rh7
9.Be3 Nd4 10.Bxd4 cxd4 11.Bb5+ Bd7 12.Ng4 Bg7 13.Bxd7+ Qxd7 14.Ne2 Qe6 15.Ng3 O-O-O
16.Nf5 Kb8 17.Nxg7 Rxg7 18.Qf6 Qxf6 19.Nxf6 Rg6 20.Nh5 Rc8 21.Kd2 d5 22.Ng3 dxe4
23.dxe4 Nc6 24.Ne2 Rd6 25.Rac1 Rcd8 26.Rhd1 d3 27.cxd3 Nb4 28.d4 exd4 29.Rc4 Nc6
30.Kc1 b5 31.Rc5 a6 32.Kb1 Kb7 33.Rf5 f6 34.Nc1 d3 35.Rd5 Rxd5 36.exd5 Rxd5
37.Rxd3 Re5 38.Rd7+ Kb6 39.Nd3 Re2 40.Rd6 Rd2 41.Kc1 Re2 42.Rxf6 Kc7 43.Kd1 Re4
44.Rxh6 Rd4 45.Ke2 Rc4 46.Ke3 Ra4 47.Rg6 Rxa2 48.Rxc6+  1-0

[Event "Timisoara zt-B (Women)"]
[Site "Timisoara"]
[Date "1993.??.??"]
[Round "9"]
[White "Baciu Ionescu, Otilia"]
[Black "Kubikova, Hana"]
[Result "1-0"]
[WhiteElo "2160"]
[BlackElo "2290"]

1.e4 c5 2.Nf3 Nc6 3.Nc3 Nf6 4.Bb5 Nd4 5.e5 Nxb5 6.Nxb5 Nd5 7.Ng5 e6 8.Ne4 h5
9.O-O f5 10.Nbd6+ Bxd6 11.Nxd6+ Kf8 12.d4 cxd4 13.Qxd4 g6 14.c4 Nc7 15.h4 Ne8
16.Bg5 Qb6 17.c5 Qc6 18.Rac1 Rh7 19.Qf4 Nxd6 20.cxd6 Qe4 21.Bh6+ Ke8 22.Qg5 f4
23.Rc4  1-0

[Event "Toronto"]
[Site "Toronto"]
[Date "1993.??.??"]
[Round "9"]
[White "Angelov, Georgi"]
[Black "Walker, Ben"]
[Result "1/2-1/2"]
[WhiteElo "2200"]
[BlackElo "2265"]

1.e4 c5 2.Nf3 Nc6 3.Nc3 d6 4.d4 cxd4 5.Nxd4 Nf6 6.Bg5 Bd7 7.Qd2 Rc8 8.O-O-O Nxd4
9.Qxd4 Qa5 10.h4 e5 11.Qd2 Rxc3 12.Qxc3 Qxc3 13.bxc3 Nxe4 14.Be3 Nxc3 15.Rd3 Nxa2+
16.Kb2 Nb4 17.Rb3 d5 18.c3 d4 19.cxb4 dxe3 20.Rxe3 Bd6 21.Bc4 b5 22.Rd1 Ke7
23.Red3 Bg4 24.f3 Bxb4 25.fxg4 bxc4 26.Rd7+ Ke6 27.Rxa7 Bc5 28.Ra6+ Ke7 29.Kc3 Rc8
30.Kxc4 Bf2+ 31.Kd3 Rd8+ 32.Ke2 Rxd1 33.Kxd1 Bxh4 34.Ke2 g6 35.Kf3 Bg5 36.Ke4 Bf4
37.Rb6 Bh2 38.Rb3 Ke6 39.Rh3 f5+ 40.gxf5+ gxf5+ 41.Kf3 e4+ 42.Ke3 Bd6 43.Rxh7 Ke5
44.Rf7 f4+ 45.Ke2 Ke6 46.Rh7 Kd5 47.Rh8 Ke6 48.Re8+ Kd5 49.Rd8 Ke6 50.Ra8 Kd5
51.Ra5+ Ke6 52.Rb5 Be5 53.Kd2 Bd4 54.Kc2 Be5 55.Kb3 f3 56.gxf3 exf3 57.Kc2 f2
58.Rb1 Kf5 59.Rf1 Bg3 60.Kd3 Kf4 61.Ke2 Bh4 62.Rb1 Kg3 63.Kf1 Kh2 64.Rb8 Kh3
65.Rh8 Kg3 66.Rb8 Kh3 67.Rb3+ Bg3 68.Rf3 Kh2 69.Rf5 Kh3 70.Rg5 Bh4 71.Rg6 Bg3
72.Rg8 Bh4 73.Ke2 Bg3 74.Rf8 Kg2 75.Rxf2+ Bxf2  1/2-1/2

[Event "Turku op"]
[Site "Turku"]
[Date "1993.??.??"]
[Round "?"]
[White "Henriksson, Christer"]
[Black "Holmsten, Aleksei"]
[Result "1/2-1/2"]
[WhiteElo "2365"]
[BlackElo "2265"]

1.e4 c5 2.Nc3 Nc6 3.Nge2 g6 4.g3 Bg7 5.Bg2 e6 6.O-O Nge7 7.d3 O-O 8.f4 d5
9.a3 d4 10.Nb1 b6 11.Nd2 f5 12.Rb1 a5 13.a4 Bb7 14.Nc4 Qc7 15.e5 Na7 16.Bxb7 Qxb7
17.c3 Nac6 18.Qb3 Nd5 19.Bd2 Rfd8 20.Rfc1 Bf8 21.Rc2 Rd7 22.Rbc1 Rad8 23.cxd4 Ndb4
24.Bxb4 Nxb4 25.Rd2 cxd4 26.Nd6 Bxd6 27.Qxe6+ Kf8 28.exd6 Rxd6 29.Qe5 Qg7
30.Qxg7+ Kxg7 31.Rc4 Kf6 32.Kf2 Re8 33.Nxd4 Red8 34.Nb5 Rxd3 35.Re2 Rd2 36.Rc7 Nd3+
37.Kf3 Rxe2 38.Kxe2 Nxb2 39.Rc6+ Kg7 40.Rxb6 Nxa4 41.Rb7+ Kg8 42.Ke3 Nc5
43.Rc7 Re8+ 44.Kf3 Ne4 45.Ra7 Rd8 46.Ke3 Nd2 47.Ke2 Ne4 48.Ke3 Nd2 49.Ke2 Nb3
50.Ke3 Rd2 51.Rxa5 Rxh2 52.Ra8+ Kg7 53.Nc7 Rg2 54.Kf3 Rc2 55.Ne6+ Kf6 56.Ra6 Rc3+
57.Kg2 Ke7 58.Ng5 h6 59.Nf3 Rc2+ 60.Kh3 Nd2 61.Nxd2 Rxd2 62.Rxg6 Rd1 63.Kg2 Rd2+
64.Kf3 Rd3+ 65.Kf2 Rd2+ 66.Ke3 Rh2 67.Kd4 Kf7 68.Ra6 Rh3 69.Ra3 h5 70.Ke5 h4
71.Ra7+ Kg6 72.Ra6+ Kf7 73.gxh4 Rxh4 74.Kxf5 Rh5+ 75.Kg4 Rb5 76.f5 Rb1 77.Ra7+ Kf8
78.Kg5 Rb6 79.Rh7 Rc6 80.Rh1 Rb6 81.Rh8+ Kf7 82.Rh7+ Kf8 83.f6 Rb1  1/2-1/2

[Event "Ufa"]
[Site "Ufa"]
[Date "1993.??.??"]
[Round "?"]
[White "Bezgodov, Alexei"]
[Black "Berkovich, Dmitry"]
[Result "1-0"]
[WhiteElo "2345"]
[BlackElo "2465"]

1.e4 c5 2.Nc3 Nc6 3.Nge2 g6 4.d4 cxd4 5.Nxd4 Bg7 6.Be3 Nf6 7.Bc4 O-O 8.Bb3 Ng4
9.Qxg4 Nxd4 10.Qd1 Ne6 11.Qd2 d6 12.Bh6 Re8 13.Bxg7 Nxg7 14.O-O Be6 15.f4 Qa5
16.Rae1 Rac8 17.Re3 Rc5 18.Qf2 Qc7 19.Rg3 Bxb3 20.axb3 e6 21.Rd3 a6 22.Rfd1 Rc6
23.Qd2 b5 24.Rxd6 b4 25.Rxc6 Qxc6 26.Na4 Qxe4 27.Nc5 Qc6 28.Qxb4 Nf5 29.Rd2 e5
30.fxe5 Rxe5 31.Nxa6 Re1+ 32.Kf2 Re8 33.Nc5 Qc7 34.Nd7 Rd8 35.Nf6+ Kg7 36.Rxd8 Qxd8
37.Ne4 Qh4+ 38.Kg1 Qf4 39.Qc3+ Kg8 40.Nd2 Nd4 41.Qd3 h5 42.c3 Ne6 43.b4 h4
44.Nf1 Qe5 45.Qe3 Qf6 46.b5 Nf4 47.b6 Qg5 48.g3 hxg3 49.hxg3 Nh3+ 50.Kg2  1-0

[Event "EU-ch U18"]
[Site "Vejen"]
[Date "1993.??.??"]
[Round "3"]
[White "Georgiev, Vladimir"]
[Black "Liiva, Riho"]
[Result "1/2-1/2"]
[WhiteElo "2430"]
[BlackElo "2360"]

1.e4 c5 2.Nf3 Nc6 3.Nc3 e5 4.Bc4 d6 5.d3 h6 6.h3 Nf6 7.Nd5 Be7 8.O-O O-O
9.c3 Nxd5 10.Bxd5 Be6 11.Nh2 Bxd5 12.exd5 Nb8 13.f4 Nd7 14.Nf3 Nf6 15.c4 e4
16.Nh2 Qd7 17.Re1 exd3 18.Qxd3 Rfe8 19.Bd2 Nh7 20.b4 Bf6 21.Rxe8+ Rxe8 22.Re1 Rxe1+
23.Bxe1 b6 24.Nf3 Nf8 25.a3 Ng6 26.Bd2 Qa4 27.bxc5 bxc5 28.Bc1  1/2-1/2

[Event "EU-ch U18"]
[Site "Vejen"]
[Date "1993.??.??"]
[Round "9"]
[White "Huberty, Marc"]
[Black "Hebesberger, Thomas"]
[Result "1-0"]
[WhiteElo "2130"]
[BlackElo "2175"]

1.e4 c5 2.Nc3 Nc6 3.Nge2 g6 4.d4 cxd4 5.Nxd4 Bg7 6.Be3 d6 7.f3 Nf6 8.Qd2 O-O
9.Bc4 Bd7 10.Bb3 Ne5 11.h4 a5 12.a4 Rc8 13.h5 Nc4 14.Bxc4 Rxc4 15.hxg6 fxg6
16.b3 Rc8 17.O-O-O Rf7 18.e5 Rxc3 19.exf6 Rxe3 20.Qxe3 Bxf6 21.Ne6 Qc8 22.Ng5 Bf5
23.c4 Rg7 24.g4 h6 25.Ne4 Bxe4 26.Qxe4 Be5 27.Kc2 Kh7 28.g5 Qf5 29.Rxh6+ Kg8
30.Qxf5 gxf5 31.Rh5 Bf4 32.Rg1 Kf7 33.Kd3 e5 34.g6+ Kf6 35.Rh7 b6 36.Rxg7 Kxg7
37.Rg2 Bc1 38.Kc2 Ba3 39.Kd3 Bc5 40.Rg5 Bf2 41.Rxf5 Kxg6 42.Ke4 Bc5 43.f4 exf4
44.Kxf4 Bf2 45.Ke4 Bg1 46.Rf1 Bc5 47.Kd5 Ba3 48.Kc6 Bc5 49.Rd1  1-0

[Event "Velden op"]
[Site "Velden"]
[Date "1993.??.??"]
[Round "6"]
[White "Kosanski, Stanko"]
[Black "Schlosser, Philipp"]
[Result "0-1"]
[WhiteElo "2415"]
[BlackElo "2520"]

1.e4 c5 2.Nf3 Nc6 3.Nc3 e6 4.Bb5 Nd4 5.a4 Ne7 6.O-O a6 7.Bc4 Nec6 8.d3 Be7
9.Nxd4 cxd4 10.Ne2 O-O 11.Ng3 b6 12.f4 Bb7 13.Bd2 Rc8 14.Nh5 Kh8 15.f5 Ne5
16.Bb3 exf5 17.Rxf5 d6 18.Nxg7 Kxg7 19.Qh5 Kh8 20.Raf1 Rc5 21.Bb4 Bc8 22.Bxc5 bxc5
23.Rxf7 Nxf7 24.Bxf7 Bg5 25.Rf3 Qe7 26.h3 a5 27.Kh1 Bd7 28.b3 Be3 29.Bc4 Rxf3
30.Qxf3 Bc6 31.g3 Bh6 32.Qf5 Bd7 33.Qd5 Qf8 34.Kg2 Be3 35.Qf7 Qxf7 36.Bxf7 Kg7
37.Bh5 Kf6 38.Bf3 Ke5 39.Bh5 Be6 40.Be8 d5 41.Bc6 dxe4 42.Bxe4 h5 43.Bf3 Bf7
44.h4 Bd5 45.g4 Be6 46.g5 Bf7 47.Kg3 Bd2 48.Be4 Be1+ 49.Kh3 Be6+ 50.Kg2 Bxh4
51.g6 Kf6 52.Kh2 Bg4 53.Kg2 Bd1 54.Kh3 Be1  0-1

[Event "Villa Ballester op"]
[Site "Villa Ballester"]
[Date "1993.??.??"]
[Round "5"]
[White "Rebottaro, Hector Javier"]
[Black "Fuentes, Alberto"]
[Result "1-0"]
[WhiteElo "2295"]
[BlackElo "2315"]

1.e4 c5 2.Nc3 Nc6 3.Nge2 e6 4.g3 g6 5.d4 cxd4 6.Nxd4 Bg7 7.Be3 a6 8.Bg2 Nge7
9.a4 Qc7 10.O-O O-O 11.Nb3 b6 12.Nd5 exd5 13.exd5 Nxd5 14.Qxd5 Bxb2 15.Rab1 Bg7
16.Rfd1 Re8 17.a5 b5 18.Bb6 Qe5 19.Qxe5 Bxe5 20.Nc5 Re7 21.Rd3 Rb8 22.Rbd1 Nb4
23.Re3 d6 24.Bd8 Re8 25.Bc7 Bg4 26.Bxb8 Bxd1 27.Bxd6 f6 28.Nd7 Kf7 29.Nxe5+ fxe5
30.Bxb4 Bxc2 31.Bb7  1-0

[Event "Vinkovci"]
[Site "Vinkovci"]
[Date "1993.??.??"]
[Round "?"]
[White "Sax, Gyula"]
[Black "Palac, Mladen"]
[Result "1-0"]
[WhiteElo "2515"]
[BlackElo "2485"]

1.e4 c5 2.Nc3 Nc6 3.Nge2 Nf6 4.d4 d5 5.exd5 Nxd5 6.dxc5 Ndb4 7.a3 Bf5 8.axb4 Nxb4
9.Nf4 Qxd1+ 10.Kxd1 O-O-O+ 11.Nd3 e5 12.Bd2 Nxd3 13.Bxd3 Bxd3 14.cxd3 Bxc5  1-0

[Event "Voskresensk2"]
[Site "Voskresensk"]
[Date "1993.??.??"]
[Round "?"]
[White "Kasimdzhanov, Rustam"]
[Black "Blodstein, Arkady"]
[Result "0-1"]
[WhiteElo "2360"]
[BlackElo "2370"]

1.e4 c5 2.Nc3 Nc6 3.Nge2 g6 4.d4 cxd4 5.Nxd4 Bg7 6.Be3 Nf6 7.Bc4 O-O 8.Bb3 d6
9.f3 Bd7 10.h4 h5 11.Qd2 Rc8 12.O-O-O Ne5 13.Bh6 Bxh6 14.Qxh6 Rxc3 15.bxc3 Qc7
16.Qd2 a5 17.a3 Qc5 18.Kb2 Qb6 19.Ka1 Qc5 20.Qc1 Qxc3+ 21.Qb2 Qc5 22.Rhe1 Ra8
23.f4 Neg4 24.Nf3 Ne3 25.Ng5 Be8 26.Rd2 a4 27.Ba2 Ra6 28.c3 Rb6 29.Qc1 Nfg4
30.e5 d5 31.Rd4 Qxa3 32.Rb4 Rxb4 33.cxb4 Qd3 34.Qc8 Qd4+  0-1

[Event "Voskresensk"]
[Site "Voskresensk"]
[Date "1993.??.??"]
[Round "?"]
[White "Galdunts, Sergey"]
[Black "Nalbandian, Tigran"]
[Result "1-0"]
[WhiteElo "2450"]
[BlackElo "2485"]

1.e4 c5 2.Nc3 Nc6 3.Nge2 g6 4.g3 Bg7 5.Bg2 e6 6.d3 Nge7 7.Be3 Nd4 8.O-O d6
9.f4 Rb8 10.Rb1 O-O 11.b4 b5 12.bxc5 dxc5 13.e5 Bb7 14.Bxb7 Rxb7 15.Ne4 Nef5
16.Bf2 b4 17.Nxc5 Rb5 18.Nxd4 Nxd4 19.Ne4 Qd5 20.Be3 Rfb8 21.g4 h6 22.Qd2 a5
23.Qf2 Nc6 24.c4 bxc3 25.Nxc3 Qxd3 26.Nxb5 Rxb5 27.Rxb5 Qxb5 28.Rc1 Nb4 29.h4 Qd3
30.Bd2 Nxa2 31.Rc8+ Kh7 32.Rc7 Kg8 33.Rc8+ Kh7 34.Rc7 Kg8 35.Bxa5 Qd1+ 36.Kh2 Nc1
37.Qd2 Qe2+ 38.Kg3 g5 39.hxg5 hxg5 40.Rc8+ Kh7 41.Rxc1 gxf4+ 42.Kh3 Qf3+
43.Kh2 Qg3+ 44.Kh1 Bh6 45.Rg1  1-0

[Event "Voskresensk"]
[Site "Voskresensk"]
[Date "1993.??.??"]
[Round "?"]
[White "Galdunts, Sergey"]
[Black "Kharitonov, Andrei Y"]
[Result "1/2-1/2"]
[WhiteElo "2450"]
[BlackElo "2530"]

1.e4 c5 2.Nc3 Nc6 3.Nf3 e6 4.Bb5 Nd4 5.O-O a6 6.Be2 Ne7 7.Nxd4 cxd4 8.Nb1 Nc6
9.d3 Be7 10.f4 O-O 11.Nd2 d5 12.Bf3 dxe4 13.Bxe4 Bd7 14.Nf3 Rc8 15.Ne5 Nxe5
16.fxe5 Bc6 17.Bxc6 Rxc6 18.Bf4 Qd5 19.a4 Rfc8 20.Rf2 Bf8 21.b3 g6 22.Ra2 Bg7
23.Re2 Rc5 24.Qe1 Qd7 25.Qf2 Rd5 26.Ra1 Rcc5 27.Rae1 a5 28.h3 Qc7 29.Qg3 h6
30.Qf2 g5 31.Bg3 Rc3 32.Rf1 Rdc5 33.Qxd4 Rxc2 34.Rxc2 Rxc2 35.h4 Qc5 36.Qxc5 Rxc5
37.hxg5 hxg5 38.d4 Rd5 39.Bf2 f6 40.exf6 Bxf6 41.Rc1 Bxd4  1/2-1/2

[Event "SWZ-GP Wohlen"]
[Site "Wohlen"]
[Date "1993.??.??"]
[Round "8"]
[White "Atlas, Valeri"]
[Black "Wirthensohn, Heinz"]
[Result "1/2-1/2"]
[WhiteElo "2470"]
[BlackElo "2400"]

1.e4 c5 2.Nf3 Nc6 3.Nc3 d6 4.d4 cxd4 5.Nxd4 Nf6 6.g3 g6 7.Nde2 Bg7 8.Bg2 O-O
9.O-O Rb8 10.a4 a6 11.b3 b5 12.axb5 axb5 13.Bb2 b4 14.Na4 Bb7 15.Nf4 e5 16.Nd3 Ba8
17.Qd2 Re8 18.Rfe1 Qc7 19.Rac1 Qb7 20.Ba1 Qb5 21.Nab2 Na5 22.Nd1 Rec8 23.h3 Bc6
24.f4 exf4 25.Nxf4 Qg5 26.Qf2 Ba8 27.Ne3 Nxe4 28.Bxe4 Bxe4 29.Bxg7 Kxg7 30.Ng4 d5
31.Qd4+ Kf8 32.Nxd5 Qxd5 33.Qh8+ Ke7 34.Qf6+ Kf8  1/2-1/2

[Event "Zalakaros op"]
[Site "Zalakaros"]
[Date "1993.??.??"]
[Round "1"]
[White "Horvath, Sandor"]
[Black "Waller, Helmut"]
[Result "1-0"]
[WhiteElo "2370"]
[BlackElo "2200"]

1.e4 c5 2.Nf3 Nc6 3.Nc3 e5 4.Bc4 d6 5.d3 Be7 6.Nd2 Nf6 7.Nf1 Bg4 8.f3 Be6
9.Ne3 O-O 10.Bd2 a6 11.O-O b5 12.Bxe6 fxe6 13.Ne2 Nh5 14.g3 d5 15.c3 Bg5
16.Ng2 Qe7 17.h4 Bxd2 18.Qxd2 Rad8 19.Rad1 d4 20.Kh2 c4 21.Qc2 Qc5 22.cxd4 Nxd4
23.Nxd4 exd4 24.Rc1 Rc8 25.Qe2 e5 26.f4 exf4 27.Nxf4 Nxf4 28.gxf4 cxd3 29.Qxd3 Qh5
30.Rxc8 Rxc8 31.Kg3 Qg6+ 32.Kh3 Qe6+ 33.f5 Qc4 34.Rd1 Rd8 35.Qxc4+ bxc4 36.Kg4 Kf7
37.Kf4 g6 38.Rc1 d3 39.fxg6+ Kxg6 40.Ke3 Kf6 41.Kd2 Rd4 42.b3 cxb3 43.axb3 Ke5
44.Rc7 Rxe4 45.Rxh7 Rb4 46.Kc3 Rb6 47.Rc7 Kd5 48.Rd7+ Kc5 49.Rxd3 Rh6 50.Rh3 Rh5
51.Kd3 Kd5 52.Rh1 Kc5 53.Ke4 Kb4 54.Rh3 a5 55.Kf4 Rxh4+ 56.Rxh4 Kxb3 57.Ke3 a4
58.Kd2  1-0

[Event "Zalakaros op"]
[Site "Zalakaros"]
[Date "1993.??.??"]
[Round "7"]
[White "Horvath, Sandor"]
[Black "Rabovszky, Gyorgy"]
[Result "1-0"]
[WhiteElo "2370"]
[BlackElo "2210"]

1.e4 c5 2.Nf3 Nc6 3.Nc3 g6 4.Bc4 Bg7 5.O-O d6 6.d3 Na5 7.Bb5+ Bd7 8.Bxd7+ Qxd7
9.Ne2 e6 10.Rb1 Ne7 11.a3 Nac6 12.b4 cxb4 13.axb4 O-O 14.b5 Ne5 15.Nfd4 f5
16.f4 Ng4 17.h3 e5 18.hxg4 exd4 19.gxf5 gxf5 20.Bb2 Qxb5 21.Ba1 Qc6 22.Nxd4 Qc5
23.c3 Nc6 24.Qa4 Nxd4 25.cxd4 Qc6 26.Qb3+ Rf7 27.e5 d5 28.Rbc1 Qe6 29.Bc3 Rc8
30.Bb4 Rxc1 31.Rxc1 Bh6 32.Rc5 Bxf4 33.Qxd5 Qh6 34.e6 Bh2+ 35.Kf1 Qf4+ 36.Qf3 Qxf3+
37.gxf3 Rf6 38.Rc8+ Kg7 39.e7 Re6 40.e8=Q  1-0

[Event "Zaragoza op"]
[Site "Zaragoza"]
[Date "1993.??.??"]
[Round "?"]
[White "Westerinen, Heikki MJ"]
[Black "Pons, Santiago"]
[Result "1-0"]
[WhiteElo "2385"]
[BlackElo "2305"]

1.e4 c5 2.Nc3 Nc6 3.Nge2 g6 4.g3 Bg7 5.Bg2 d6 6.d3 Nf6 7.O-O O-O 8.f4 Nd4
9.h3 Rb8 10.Be3 e5 11.f5 h6 12.g4 b5 13.Ng3 b4 14.Nd5 Nxd5 15.exd5 gxf5 16.Nxf5 Bxf5
17.gxf5 Qf6 18.Be4 Qh4 19.Kh2 Kh8 20.Rg1 Rg8 21.Rg4 Qf6 22.Qd2 Kh7 23.c3 bxc3
24.bxc3 Nb5 25.Rf1 h5 26.Rg5 Bh8 27.Rxh5+  1-0

[Event "BRA-ch"]
[Site "Brasilia"]
[Date "1994.01.??"]
[Round "5"]
[White "Van Riemsdijk, Herman C"]
[Black "Toth, Christian Endre"]
[Result "1/2-1/2"]
[WhiteElo "2435"]
[BlackElo "2380"]

1.e4 c5 2.Nf3 Nc6 3.Nc3 d6 4.d4 cxd4 5.Nxd4 e5 6.Nde2 Nf6 7.g3 Bg4 8.Bg2 Nd4
9.Qd3 Nxe2 10.Nxe2 Rc8 11.c4 Be7 12.Nc3 O-O 13.Bg5 Be6 14.Bxf6 Bxf6 15.b3 Qd7
16.O-O Bd8 17.Rad1 Ba5 18.Nb5 a6 19.Nxd6 Rcd8 20.Qe2 Qc7 21.Nf5 Bb6 22.Ne3 Rxd1
23.Rxd1 Rd8 24.Bf3 Rxd1+ 25.Qxd1 Bxe3 26.fxe3 g6 27.Qd2 Qc5 28.Kf2 a5  1/2-1/2

[Event "Aarhus op3"]
[Site "Aarhus"]
[Date "1994.??.??"]
[Round "3"]
[White "Fuglsang, Flemming"]
[Black "Lyrberg, Patrik"]
[Result "1-0"]
[WhiteElo "2290"]
[BlackElo "2415"]

1.e4 c5 2.Nf3 Nc6 3.Nc3 d6 4.d4 cxd4 5.Nxd4 Nf6 6.Bc4 e6 7.Be3 Be7 8.Qe2 a6
9.O-O-O Qc7 10.Bb3 b5 11.g4 Na5 12.g5 Nxb3+ 13.axb3 Nd7 14.Rhg1 Bb7 15.f4 b4
16.Nd5 exd5 17.Nf5 dxe4 18.Nxg7+ Kf8 19.Qh5 Rc8 20.Rd2 Qa5 21.Kb1 Kxg7 22.Qh6+ Kg8
23.Bd4 Bf8 24.Qf6 Ne5 25.Bxe5 dxe5 26.Rd7 Be7 27.Rxe7 Qd5 28.g6 hxg6 29.Rxg6+ Kf8
30.Rg7 Rxc2 31.Rgxf7+ Kg8 32.Qg7+  1-0

[Event "Abierto op"]
[Site "Abierto"]
[Date "1994.??.??"]
[Round "1"]
[White "Lopez Jimenez, Armando"]
[Black "Rojo Huerta, Gabriel"]
[Result "0-1"]
[WhiteElo "2295"]
[BlackElo "2370"]

1.e4 c5 2.Nf3 Nc6 3.Nc3 g6 4.Bc4 Bg7 5.Ng5 e6 6.d3 Nge7 7.h4 d5 8.Bb5 O-O
9.Bxc6 Nxc6 10.h5 h6 11.exd5 exd5 12.Nf3 g5 13.O-O Bg4 14.Bd2 Nd4 15.Be3 Nxf3+
16.gxf3 Bxh5 17.Bd2 Qd7 18.Re1 Qh3 19.Qe2 Bxf3 20.Qxf3 Qxf3 21.Re3 Qf5 22.Kg2 d4
23.Rf3 Qxf3+ 24.Kxf3 dxc3 25.bxc3 Rfe8 26.Rb1 Re7 27.a4 Rae8 28.a5 Re2 29.Be3 Rxc2
30.Rxb7 Bxc3 31.Rxa7 Bd4 32.a6 Bxe3 33.fxe3 Ra2 34.e4 Ra3 35.Ke2 c4 36.dxc4 Rxe4+
37.Kd2 Rh4 38.Ra8+ Kg7 39.Kc2 Rh2+ 40.Kb1 Rg3  0-1

[Event "Acasusso Valle op"]
[Site "Acasusso"]
[Date "1994.??.??"]
[Round "7"]
[White "Dolezal, Cristian"]
[Black "German, Gustavo"]
[Result "1/2-1/2"]
[WhiteElo "2220"]
[BlackElo "2280"]

1.e4 c5 2.Nf3 Nc6 3.Nc3 e5 4.Bc4 d6 5.d3 Be7 6.O-O Nf6 7.Ng5 O-O 8.f4 exf4
9.Bxf4 Bg4 10.Qd2 Qd7 11.h3 h6 12.Nf3 Be6 13.Bd5 Bxd5 14.exd5 Nb4 15.Rae1 Nbxd5
16.Bxh6 gxh6 17.Qxh6 Qf5 18.Re4 Qh7 19.Qxh7+ Kxh7 20.Nxd5 Nxd5 21.c4 Bf6
22.cxd5 Rae8 23.Rfe1 Rxe4 24.Rxe4 Kg7 25.b3 Rh8 26.Rg4+ Kf8 27.Rf4 Kg7 28.Kf2 Rh5
29.Ke3 Rxd5 30.g4 Bg5 31.Ke4 Bxf4 32.Kxd5 Kf6 33.Nh4 Kg5 34.Nf5 Be5 35.Ke4 Bh8
36.Kf3 Kf6 37.h4 d5 38.Ne3 Ke6 39.g5 Be5 40.h5 b5 41.h6 Bh8 42.Kf4 Be5+ 43.Kg4 Bh8
44.h7 Ke5 45.Nf5 c4 46.bxc4 bxc4 47.dxc4 dxc4 48.Nh6 Ke6 49.Kf4 Bg7 50.Ke4 c3
51.Kd3 Bh8 52.a4 a6 53.Kc2 Bg7 54.Kd3 Bh8 55.Kc2  1/2-1/2

[Event "Aegina op"]
[Site "Aegina"]
[Date "1994.??.??"]
[Round "2"]
[White "Saric, Igor"]
[Black "Grivas, Efstratios"]
[Result "0-1"]
[WhiteElo "2320"]
[BlackElo "2475"]

1.e4 c5 2.Ne2 Nc6 3.Nbc3 d6 4.d3 g6 5.g3 Bg7 6.Bg2 e6 7.O-O Nge7 8.Be3 O-O
9.Qd2 Nd4 10.f4 Bd7 11.Bf2 Qa5 12.Nc1 Rac8 13.Nb3 Qb6 14.Nd1 Ba4 15.Nxd4 cxd4
16.c3 Qa5 17.Rb1 Nc6 18.b4 Qc7 19.c4 Ne7 20.Nb2 Bd7 21.a4 a5 22.c5 dxc5 23.bxc5 Qxc5
24.Nc4 b5 25.axb5 Bxb5 26.Nxa5 Bxd3 27.Qxd3 Qxa5 28.e5 Rfd8 29.Be1 Qa2 30.Rf2 Qc4
31.Qa3 Nf5 32.Bf1 Bf8 33.Qa5 d3 34.Rf3 Qe4 35.Bg2 d2 36.Rf1 Qxb1 37.Bxd2 Qb2
38.Bb7 Qxb7  0-1

[Event "Aegina op"]
[Site "Aegina"]
[Date "1994.??.??"]
[Round "4"]
[White "Saric, Natasa"]
[Black "Papastavropoulos, Andreas"]
[Result "1-0"]
[WhiteElo "2055"]
[BlackElo "2200"]

1.e4 c5 2.Ne2 Nc6 3.Nbc3 Nf6 4.d3 d6 5.g3 g6 6.Bg2 Bg7 7.O-O h5 8.h3 Bd7
9.f4 Qc8 10.Kh2 h4 11.g4 Nxg4+ 12.hxg4 Bxg4 13.Be3 Nd4 14.Qd2 h3 15.Bh1 e5
16.fxe5 Bxe5+ 17.Bf4 Qe6 18.Nxd4 cxd4 19.Nd5 Rc8 20.c4 g5 21.Bg3 Bxg3+ 22.Kxg3 Qe5+
23.Kxg4 Rh4+ 24.Kf3 g4+ 25.Ke2 g3 26.Rf5 Qg7 27.Rg5 Qh8 28.Rxg3 Kd7 29.Qg5  1-0

[Event "Aegina op"]
[Site "Aegina"]
[Date "1994.??.??"]
[Round "5"]
[White "Ermenkov, Evgenij"]
[Black "Theotokatos, Dionisis"]
[Result "1/2-1/2"]
[WhiteElo "2480"]
[BlackElo "2170"]

1.e4 c5 2.Nc3 Nc6 3.Nge2 g6 4.d4 cxd4 5.Nxd4 Nf6 6.Nb3 Bg7 7.h3 O-O 8.g3 d6
9.Bg2 Bd7 10.O-O Qc8 11.Kh2 a5 12.Nd5 Nxd5 13.exd5 Ne5 14.a4 Nc4 15.c3 e5
16.dxe6 fxe6 17.Nd4 d5 18.b3 Nd6 19.Ba3 Qxc3 20.Bxd6 Qxd4 21.Qxd4 Bxd4 22.Rad1 Bxf2
23.Bxf8 Rxf8 24.h4 Bb6 25.Rxf8+ Kxf8 26.Bf1 Ke7 27.Bb5 Bc6 28.Kg2 e5 29.h5 e4
30.hxg6 hxg6 31.Kf1 Ke6 32.Ke2 d4 33.Bxc6 bxc6 34.Rh1 Ke5 35.Rh7 Bd8 36.Kd2 Bg5+
37.Kc2 Bf6 38.Ra7 Bd8 39.Ra8 Bc7 40.Ra7 Kd6 41.g4 Bd8 42.Kd2 Bg5+ 43.Kc2 Bh6
44.Rxa5 Bf4 45.Ra8 d3+ 46.Kc3 Be5+ 47.Kd2 Bf4+ 48.Kc3 Be5+ 49.Kd2 Bf4+ 50.Kc3 Be5+  1/2-1/2

[Event "Alcobendas"]
[Site "Alcobendas"]
[Date "1994.??.??"]
[Round "3"]
[White "Del Rio Angelis, Gabriel"]
[Black "Hernandez Padron, Sergio"]
[Result "1/2-1/2"]
[WhiteElo "2335"]
[BlackElo "2170"]

1.e4 c5 2.Nc3 Nc6 3.Nge2 g6 4.d4 cxd4 5.Nxd4 Bg7 6.Nde2 Nf6 7.g3 O-O 8.Bg2 d6
9.O-O Ne8 10.Bg5 Nc7 11.Qc1 Re8 12.h3 Nd4 13.Nxd4 Bxd4 14.Nd5 Bg7 15.c3 Be6
16.Qe3 Qd7 17.Kh2 f6 18.Bh6 Bf7 19.Bxg7 Kxg7 20.Rad1 e5 21.Nxc7 Qxc7 22.b3 a5
23.Rd3 b5 24.Rfd1 Red8 25.Bf1 a4 26.c4 axb3 27.axb3 bxc4 28.bxc4 Qxc4 29.Rxd6 Qc7  1/2-1/2